Angielskie miasta - nagła śmierć - Statystyki

Ogólne statystyki
  • Ten quiz został rozwiązany 270 razy
  • Średni wynik to 12 z 14
Answers on the Grid
Answers color-coded by a green-red scale on the quiz's grid according to % correct below.
Londyn
Toronto
Los Angeles
Birmingham
Leeds
Chicago
Sheffield
Montreal
Hanower
Manchester
Charleroi
Liverpool
Rotterdam
Houston
Vancouver
Sunderland
San Antonio
Coventry
Eindhoven
Bradford
Phoenix
Leicester
Wolverhampton
Reading
Dallas
Antwerpia
Nottingham
Southampton
 
Statystyki odpowiedzi
Odpowiedź % Poprawnych
Londyn
100%
Birmingham
96%
Leeds
94%
Liverpool
94%
Sheffield
93%
Manchester
92%
Nottingham
87%
Leicester
85%
Southampton
84%
Bradford
83%
Wolverhampton
82%
Coventry
78%
Sunderland
77%
Reading
72%
Nie znaleziono quizów pasujących do podanych kryteriów
Rozkład punktacji
Procent ludzi z każdym wynikiem
Percentyl według liczby udzielonych odpowiedzi
Twoja historia wyników
Nie rozwiązałeś tego quizu